Central Library OPAC University of Rajshahi

Political organisation and comparative government / (Record no. 36491)

MARC details
000 -LEADER
fixed length control field 00785nam a2200289K 4500
001 - CONTROL NUMBER
control field 36491
003 - CONTROL NUMBER IDENTIFIER
rucl marc code BD-RjUL
005 - DATE AND TIME OF LATEST TRANSACTION
control field 20211209052508.0
008 - FIXED-LENGTH DATA ELEMENTS--GENERAL INFORMATION
fixed length control field 140624t1965 ii b 001 0 eng d
035 ## - SYSTEM CONTROL NUMBER
System control number MITb10500772
System control number (BD-RjUL)36591
System control number GLIS00500772
040 ## - CATALOGING SOURCE
Original cataloging agency RCD
Transcribing agency RCD
Language of cataloging eng
Modifying agency BD-RjUL
041 ## - LANGUAGE CODE
Language code of text/sound track or separate title eng
082 ## - DEWEY DECIMAL CLASSIFICATION NUMBER
Classification number 320.3
Author mark and year SHP 1965
090 ## - LOCALLY ASSIGNED LC-TYPE CALL NUMBER (OCLC); LOCAL CALL NUMBER (OCLC)
Classification number (OCLC) (R) ; Classification number, CALL (RLIN) (NR) JF51
Local cutter number (OCLC) ; Book number/undivided call number, CALL (RLIN) .S531
099 ## - LOCAL FREE-TEXT CALL NUMBER (OCLC)
Bangla Class number JF51.S531
100 1# - MAIN ENTRY--PERSONAL NAME
Personal name Sharan, Parmatma,
Dates associated with a name 1916-
9 (RLIN) 83062
245 10 - TITLE STATEMENT
Title Political organisation and comparative government /
260 ## - PUBLICATION, DISTRIBUTION, ETC. (IMPRINT)
Place of publication, distribution, etc. Delhi :
Name of publisher, distributor, etc. S. Chand,
Date of publication, distribution, etc. 1965.
300 ## - PHYSICAL DESCRIPTION
Pagination viii, 604 p.
504 ## - BIBLIOGRAPHY, ETC. NOTE
Bibliography, etc Bibliographical reference and index.
650 #0 - SUBJECT ADDED ENTRY--TOPICAL TERM
Topical term or geographic name as entry element Comparative government.
9 (RLIN) 111096
Topical term or geographic name as entry element Political science.
9 (RLIN) 111097
942 ## - ADDED ENTRY ELEMENTS (KOHA)
Source of classification or shelving scheme Dewey Decimal Classification
Koha item type Books
949 ## - LOCAL PROCESSING INFORMATION (OCLC)
a MYGD
Holdings
Lost status Source of classification or shelving scheme Damaged status Not for loan Collection code Permanent Location Current Location Shelving location Date acquired Total Checkouts Full call number Date last seen Copy number Koha item type Source of acquisition Cost, normal purchase price
  Dewey Decimal Classification     Non-fiction Central Library, University of Rajshahi Central Library, University of Rajshahi   24/06/2014   320.3 SHP 1965 24/06/2014 C-3 Books    
  Dewey Decimal Classification     Non-fiction Central Library, University of Rajshahi Central Library, University of Rajshahi   18/08/1984   320.3 SHP 1965 24/06/2014 C-2 Books A .B. A. Cal. 22.50
  Dewey Decimal Classification     Non-fiction Central Library, University of Rajshahi Central Library, University of Rajshahi   18/08/1984   320.3 SHP 1965 29/05/2016 C-4 Books A.B.A. Cul. 22.50